| 000 | 00625nam a2200205Ia 4500 | ||
|---|---|---|---|
| 005 | 20260429112014.0 | ||
| 008 | 260429s9999||||xx |||||||||||||| ||und|| | ||
| 020 | _a9781032811543 | ||
| 041 | _aEnglish | ||
| 082 |
_a372.8 _bCHI |
||
| 100 | _aChiu, Thomas K. F. | ||
| 245 | 0 |
_aEmpowering k-12 education with AI : _bpreparing for the future of education and work / _cThomas K. F. Chiu |
|
| 250 | _a1st ed. | ||
| 260 |
_aNew Delhi : _bRoutledge, _c2025. |
||
| 300 | _axii, 217 p.; pbk | ||
| 650 | _a Educational technology | ||
| 650 | _a K-12 education | ||
| 650 | _aArtificial intelligence in education | ||
| 942 | _cTB | ||
| 999 |
_c51853 _d51853 |
||